Catálogo

OBSTETRICIA CLINICA (Registro nro. 38071)

Detalles MARC
000 -LEADER
fixed length control field 00472nam a2200181 a 4500
001 - CONTROL NUMBER
control field 38071
005 - DATE AND TIME OF LATEST TRANSACTION
control field 20230414123611.0
008 - FIXED-LENGTH DATA ELEMENTS--GENERAL INFORMATION
fixed length control field 140415s2000 000 0 spa d
020 ## - INTERNATIONAL STANDARD BOOK NUMBER
International Standard Book Number 9701021657
041 ## - LANGUAGE CODE
Language code of text/sound track or separate title spa
082 ## - DEWEY DECIMAL CLASSIFICATION NUMBER
Classification number 618.2
Item number LLA
100 1# - MAIN ENTRY--PERSONAL NAME
Personal name LLACA RODRIGUEZ, VICTORIANO
245 10 - TITLE STATEMENT
Title OBSTETRICIA CLINICA
260 ## - PUBLICATION, DISTRIBUTION, ETC.
Place of publication, distribution, etc. [s.l.] :
Name of publisher, distributor, etc. MCGRAW-HILL INTERAMERICANA EDITORES,
Date of publication, distribution, etc. 2000
300 ## - PHYSICAL DESCRIPTION
Extent 580
650 14 - SUBJECT ADDED ENTRY--TOPICAL TERM
Topical term or geographic name entry element OBSTETRICIA
700 1# - ADDED ENTRY--PERSONAL NAME
Personal name FERNANDEZ ALBA, JULIO
Relator term coaut.
Existencias
Withdrawn status Lost status Source of classification or shelving scheme Damaged status Not for loan Collection code Home library Current library Shelving location Date acquired Source of acquisition Inventory number Total Checkouts Total Renewals Full call number Barcode Date last seen Date last checked out Price effective from Koha item type
    Dewey Decimal Classification     General Biblioteca Karol Wojtyla Biblioteca Karol Wojtyla Sala general 03/12/2013 Compra 151000000000000000003719 8 3 618.2 LLA 72963 05/01/2026 02/05/2024 03/12/2013 Libro
    Dewey Decimal Classification     General Biblioteca Karol Wojtyla Biblioteca Karol Wojtyla Sala general 03/12/2013 Compra 151000000000000000003720 1   618.2 LLA 59063 05/01/2026 21/02/2022 03/12/2013 Libro
    Dewey Decimal Classification     General Biblioteca Karol Wojtyla Biblioteca Karol Wojtyla Sala general 03/12/2013 Compra 151000000000000000003722     618.2 LLA 57307 05/01/2026   03/12/2013 Libro
  Extraviado Dewey Decimal Classification       Biblioteca Karol Wojtyla Biblioteca Karol Wojtyla   03/12/2013 Compra       618.2 LLA 57311     03/12/2013 Libro
  Extraviado Dewey Decimal Classification       Biblioteca Karol Wojtyla Biblioteca Karol Wojtyla   03/12/2013 Compra       618.2 LLA 57310     03/12/2013 Libro
    Dewey Decimal Classification     General Biblioteca Karol Wojtyla Biblioteca Karol Wojtyla Sala general 03/12/2013 Compra 151000000000000000003723     618.2 LLA 57305 05/01/2026 01/09/2017 03/12/2013 Libro
    Dewey Decimal Classification     General Biblioteca Karol Wojtyla Biblioteca Karol Wojtyla Sala general 03/12/2013 Compra 151000000000000000003718 1   618.2 LLA 57306 05/01/2026 06/09/2018 03/12/2013 Libro
    Dewey Decimal Classification     General Biblioteca Karol Wojtyla Biblioteca Karol Wojtyla Sala general 03/12/2013 Compra 151000000000000000003721     618.2 LLA 57308 05/01/2026 16/07/2015 03/12/2013 Libro
  Extraviado Dewey Decimal Classification       Biblioteca Karol Wojtyla Biblioteca Karol Wojtyla   03/12/2013 Compra       618.2 LLA 57309     03/12/2013 Libro